Analisis de riesgo en estudios de factibilidad economica de carreteras

Збережено в:
Бібліографічні деталі
Автор: Fonseca Corrales, Marvin
Формат: Дисертація Книга
Мова:Undetermined
Опубліковано: 1983
Предмети:
> > > > CARRETERAS
Теги: Додати тег
Немає тегів, Будьте першим, хто поставить тег для цього запису!

MARC

LEADER 00000nam a2200000Ia 4500
001 2244
008 140114s9999 xx 000 0 und d
100 |a Fonseca Corrales, Marvin 
245 |a Analisis de riesgo en estudios de factibilidad economica de carreteras 
260 |c 1983 
500 |a NULL 
502 |a Escuela de ingenieria Civil 
650 |z CARRETERAS 
999 |c 11531  |d 11531